00858 a2200193 4500003000500000005001700005010001600022020001500038040000900053082001400062100002600076245008900102260003700191300003400228505033700262650001500599700002100614700002900635Nust20221110133802.0 a 76010242 a0070013713 cNust00a512.1,ALL1 aAllendoerfer, Carl B.10aElementary functions / cCarl B. Allendoerfer, Cletus O. Oakley, Donald R. Kerr, Jr. aNew York :bMcGraw-Hill,cc1977. axii, 314 p. :bill. ;c25 cm. aNumbers (Page-1), Equations And Inequalities (Page-23), Functions (Page-41), Graphs (Page-60), Polynomial Functions (Page-108), Exponential Functions (Page-139), Inverse Functions (Page-153), Logarithms (Page-166),Trigonometric Functions (Page-184), Application Of Trigonometry To Graphing (Page-219), Graphing In Space (Page-238). 0aFunctions.1 aKerr, Donald R.,1 aOakley, Cletus O.d1899-